Italian football clubs by official trophies - Statistics

General Stats
  • This quiz has been taken 91 times
  • The average score is 14 of 23
Answer Stats
Trophies Answer % Correct
49 (19 Serie A, 5 Coppa Italia, 7 Supercoppa Italiana, 7 Champions League, 3 Intercontinental Cup, 1 Club World Cup, 2 Cup Winners Cup, 5 UEFA Super Cup) AC Milan
100%
43 (19 Serie A, 8 Coppa Italia, 7 Supercoppa Italiana, 3 Champions League, 2 Intercontinental Cup, 1 Club World Cup, 3 Europa League) Internazionale
100%
70 (36 Serie A, 14 Coppa Italia, 9 Supercoppa Italiana, 2 Champions League, 2 Intercontinental Cup, 3 Europa League, 1 Cup Winners Cup, 2 UEFA Super Cup, 1 Intertoto Cup) Juventus
100%
15 (3 Serie A, 9 Coppa Italia, 2 Supercoppa Italiana, 1 Conference League) Roma
95%
16 (2 Serie A, 7 Coppa Italia, 5 Supercoppa Italiana, 1 Cup Winners Cup, 1 UEFA Super Cup) Lazio
94%
12 (7 Serie A, 5 Coppa Italia) Torino
85%
11 (2 Serie A, 6 Coppa Italia, 2 Supercoppa Italiana, 1 Europa League) Napoli
84%
10 (9 Serie A, 1 Coppa Italia) Genoa
82%
10 (7 Serie A, 2 Coppa Italia, 1 Intertoto Cup) Bologna
72%
8 (3 Coppa Italia, 1 Supercoppa Italiana, 2 Europa League, 1 Cup Winners Cup, 1 UEFA Super Cup) Parma
67%
10 (2 Serie A, 6 Coppa Italia, 1 Supercoppa Italiana, 1 Cup Winners Cup) Fiorentina
65%
7 (1 Serie A, 4 Coppa Italia, 1 Supercoppa Italiana, 1 Cup Winners Cup) Sampdoria
61%
1 (1 Serie A (1969-1970)) Cagliari
55%
7 (7 Serie A) Pro Vercelli
55%
1 (1 Serie A (1984-1985)) Hellas Verona
54%
1 (1 Serie A (1913-1914)) Casale
38%
1 (1 Coppa Italia (1996-1997)) Vicenza
38%
1 (1 Coppa Italia (1962-1963)) Atalanta
35%
1 (1 Intertoto Cup (2000)) Udinese
32%
1 (1 Serie A (1921-1922)) Novese
30%
1 (1 Coppa Italia (1922)) Vado
30%
1 (1 Intertoto Cup (2003)) Perugia
24%
1 (1 Coppa Italia (1940-1941)) Venezia
16%
No matching quizzes found
Score Distribution
Percent of People with Each Score
Percentile by Number Answered
Your Score History
You have not taken this quiz